Advanced reinforced concrete design (Record no. 547033)

000 -LEADER
fixed length control field 00568nam a22001697a 4500
082 ## - DEWEY DECIMAL CLASSIFICATION NUMBER
Classification number 624.18341
Author Mark RAJ
-- L-19, P-94
100 ## - MAIN ENTRY--PERSONAL NAME
Personal name Raju, Krishna. N
9 (RLIN) 43234
245 ## - TITLE STATEMENT
Title Advanced reinforced concrete design
Statement of responsibility, etc. N. Krishna Raju
250 ## - EDITION STATEMENT
Edition statement 1st ed.
260 ## - PUBLICATION, DISTRIBUTION, ETC.
Place of publication, distribution, etc. College book store 1701-2, Nai sarak, Delhi-110006
Name of publisher, distributor, etc. Satish Kumar Jain
Date of publication, distribution, etc. c 1986.
300 ## - PHYSICAL DESCRIPTION
Extent xiv, 359p.:
Other physical details ill.;
Dimensions 24 cm.
526 ## - STUDY PROGRAM INFORMATION NOTE
Program name 0
Interest level 0
Reading level 0
Title point value 624_183410000000000_RAJ
526 ## - STUDY PROGRAM INFORMATION NOTE
Program name 0
Interest level 0
Reading level 0
Title point value 624_183410000000000_RAJ
526 ## - STUDY PROGRAM INFORMATION NOTE
Program name 0
Interest level 0
Reading level 0
Title point value 624_183410000000000_RAJ
650 ## - SUBJECT ADDED ENTRY--TOPICAL TERM
Topical term or geographic name entry element MCE
9 (RLIN) 379
942 ## - ADDED ENTRY ELEMENTS (KOHA)
Source of classification or shelving scheme
Koha item type Book
Holdings
Withdrawn status Lost status Source of classification or shelving scheme Damaged status Not for loan Permanent Location Current Location Date acquired Total Checkouts Full call number Barcode Date last seen Date last checked out Price effective from Koha item type
          Military College of Engineering (MCE) Military College of Engineering (MCE) 06/27/2014 1 624.18341 RAJ MCE-27593 07/03/2014 07/03/2014 06/27/2014 Book
          Military College of Engineering (MCE) Military College of Engineering (MCE) 06/27/2014   624.18341 RAJ MCE-33390 06/27/2014   06/27/2014 Book
          Military College of Engineering (MCE) Military College of Engineering (MCE) 06/27/2014   624.18341 RAJ MCE-25526 06/27/2014   06/27/2014 Book
© 2023 Central Library, National University of Sciences and Technology. All Rights Reserved.